Historia en construcción : de la Prehistoria a la Edad Media /

Guardado en:
Autor Principal: Garibotti, María Elena.
Otros Autores: Miliddi, Federico Martín., Olmos, Marcia Noemí., Perelman, Marcelo., Wasinger, Lourdes María Teresa.
Formato: Libro
Idioma:Undetermined
Publicado: Buenos Aires : Estación Mandioca, 2014.
Edición:1a ed.
Series:En construcción
Materias:
Etiquetas: Agregar Etiqueta
Sin Etiquetas, Sea el primero en etiquetar este registro!
LEADER 02442nam a22002775a 4500
001 CEM.cems021190
008 240530s2014####ag############000#0#und#d
005 20240530184604.0
245 1 0 |a Historia en construcción :  |b de la Prehistoria a la Edad Media /  |c María Elena Garibotti ... y otros. 
250 |a 1a ed. 
260 |a Buenos Aires :  |b Estación Mandioca,  |c 2014. 
300 |a 176 p. 
490 1 |a En construcción 
505 0 |a El objeto de la historia -- Las fuentes de la historia -- Las edades de la historia -- La medición del tiempo -- Los orígenes de la historia humana -- La evolución de los homínidos -- El proceso de hominización -- La vida durante el Paleolítico -- El poblamiento en América -- El Paleolítico en América -- La Revolución Neolítica -- La revolución urbana -- El Neolítico en América -- Los Estados del Cercano Oriente -- El surgimiento del Estado -- Las primeras civilizaciones -- Las ciudades-Estado sumerias -- Estados unificados de la Mesopotamia -- El estado egipcio -- La economía y la sociedad egipcia -- Los Estados del milenio I a. C. -- Desarrollo estatal en las costas del Mediterráneo oriental -- Imperios del milenio I a. C. -- Los primeros estados americanos -- Los estados mesoamericanos -- Los estados andinos -- La antigua Grecia -- La civilización minoica -- La civilización micénica -- La Edad Oscura -- La Grecia clásica -- La formación de la polis -- El período helenístico -- Auge y caída de la república romana -- El surgimiento de Roma -- De la monarquía a la república -- Crisis de la república -- El imperio romano -- El principado -- La economía romana -- La romanización -- Crisis del siglo III -- La caída del Imperio Romano de Occidente -- Los comienzos de la edad media -- Los reinos romano-germánicos -- El imperio bizantino -- El surgimiento del islam -- El imperio carolingio -- Auge y caída de la sociedad feudal -- El feudalismo -- Expansión económica y renacimiento urbano -- Los burgueses -- La crisis del siglo XIV 
020 |a 9789871651979 
100 1 |a Garibotti, María Elena. 
700 1 |a Miliddi, Federico Martín. 
700 1 |a Olmos, Marcia Noemí. 
700 1 |a Perelman, Marcelo. 
700 1 |a Wasinger, Lourdes María Teresa. 
653 |a Historia 
653 |a Prehistoria 
653 |a Historia medieval 
653 |a Medioevo 
653 |a Antigüedad 
859 |a CEMS  |b BIB. CEMS - 11 de abril  |h 930  |i G182  |p 29462.24  |t Ej.1